Balance of payments adjustment policies: Japan, Germany and the Netherlands (Record no. 373660)

000 -LEADER
fixed length control field 00551cam a22001577a 4500
008 - FIXED-LENGTH DATA ELEMENTS--GENERAL INFORMATION
fixed length control field 180718b1968 xxu||||| |||| 00| 0 eng d
082 ## - DEWEY DECIMAL CLASSIFICATION NUMBER
Classification number T392x52 M582
100 ## - MAIN ENTRY--PERSONAL NAME
Personal name Michaely, Michaels
245 ## - TITLE STATEMENT
Title Balance of payments adjustment policies: Japan, Germany and the Netherlands
Statement of responsibility, etc. by Michaels Michaely
260 ## - PUBLICATION, DISTRIBUTION, ETC.
Place of publication, distribution, etc. New York
Name of publisher, distributor, etc. National Bureau of Economic Research
Date of publication, distribution, etc. 1968
300 ## - PHYSICAL DESCRIPTION
Extent 112p.
440 ## - SERIES STATEMENT/ADDED ENTRY--TITLE
Title NBER Occasional Paper 106
650 ## - SUBJECT ADDED ENTRY--TOPICAL TERM
Topical term or geographic name entry element Balance of trade - Netherlands
650 ## - SUBJECT ADDED ENTRY--TOPICAL TERM
Topical term or geographic name entry element Balance of trade - Germany
650 ## - SUBJECT ADDED ENTRY--TOPICAL TERM
Topical term or geographic name entry element Balance of trade - Japan
Holdings
Withdrawn status Lost status Damaged status Not for loan Permanent Location Current Location Date acquired Full call number Barcode Date last seen Price effective from Koha item type
        Indian Institute of Public Administration Indian Institute of Public Administration 1994-06-22 T392x52 M582 42291 2018-07-21 2018-07-21 Book

Powered by Koha